Исследование изотопного состава продуктов плазмохимической конверсии гексафторида серы; Известия Томского политехнического университета [Известия ТПУ]; Т. 311, № 3 : Химия

Bibliografiske detaljer
Parent link:Известия Томского политехнического университета [Известия ТПУ]/ Томский политехнический университет (ТПУ).— , 2000-
Т. 311, № 3 : Химия.— 2007.— [С. 69-72]
Hovedforfatter: Сазонов Р. В. Роман Владимирович
Andre forfattere: Пушкарёв А. И. Александр Иванович, Сосновский С. А.
Summary:Заглавие с титульного листа
Электронная версия печатной публикации
Представлены результаты исследования разложения гексафторида серы в смеси с водородом и кислородом в плазме импульсного электронного пучка, формируемого ускорителем ТЭУ-500 (350...500 кВ, 60 нс, плотность тока до 0,4 кА/см2). Приведены данные термодинамического моделирования конверсии смеси газов SF6+O2 и SF6+H2+O2 в низкотемпературной плазме, и состав смеси газов после воздействия электронного пучка, измеренный масс-спектрометром. Показано, что основное газофазное соединение, синтезируемое в плазме импульсного электронного пучка - дифторид-оксид серы. Выполнен изотопный анализ ионов (SOF)+ и (SOF2)+. Получено, что содержание изотопа серы 34S в дифторид-оксиде серы превышает его содержание в исходном гексафториде серы в 1,8±0,1 раза.
Sprog:russisk
Udgivet: 2007
Serier:Химия
Fag:
Online adgang:http://www.lib.tpu.ru/fulltext/v/Bulletin_TPU/2007/v311/i3/16.pdf
Format: Electronisk Book Chapter
KOHA link:https://koha.lib.tpu.ru/cgi-bin/koha/opac-detail.pl?biblionumber=172531

MARC

LEADER 00000nla2a2200000 4500
001 172531
005 20240724154244.0
035 |a (RuTPU)RU\TPU\book\187099 
035 |a RU\TPU\book\187094 
090 |a 172531 
100 |a 20091214d2007 k y0rusy50 ca 
101 0 |a rus 
102 |a RU 
135 |a drnn ---uucaa 
181 0 |a i  
182 0 |a b 
200 1 |a Исследование изотопного состава продуктов плазмохимической конверсии гексафторида серы  |f Р. В. Сазонов, А. И. Пушкарёв, С. А. Сосновский 
203 |a Текст  |c электронный 
215 |a 1 файл (345 Кб) 
225 1 |a Химия 
300 |a Заглавие с титульного листа 
300 |a Электронная версия печатной публикации 
320 |a [Библиогр.: с. 72 (6 назв.)] 
330 |a Представлены результаты исследования разложения гексафторида серы в смеси с водородом и кислородом в плазме импульсного электронного пучка, формируемого ускорителем ТЭУ-500 (350...500 кВ, 60 нс, плотность тока до 0,4 кА/см2). Приведены данные термодинамического моделирования конверсии смеси газов SF6+O2 и SF6+H2+O2 в низкотемпературной плазме, и состав смеси газов после воздействия электронного пучка, измеренный масс-спектрометром. Показано, что основное газофазное соединение, синтезируемое в плазме импульсного электронного пучка - дифторид-оксид серы. Выполнен изотопный анализ ионов (SOF)+ и (SOF2)+. Получено, что содержание изотопа серы 34S в дифторид-оксиде серы превышает его содержание в исходном гексафториде серы в 1,8±0,1 раза. 
337 |a Adobe Reader 
461 1 |0 (RuTPU)RU\TPU\book\176237  |t Известия Томского политехнического университета [Известия ТПУ]  |f Томский политехнический университет (ТПУ)  |d 2000- 
463 1 |0 (RuTPU)RU\TPU\book\187040  |x 1684-8519  |t Т. 311, № 3 : Химия  |v [С. 69-72]  |d 2007  |p 143 с. 
610 1 |a изотопный состав 
610 1 |a продукты 
610 1 |a плазмохимическая конверсия 
610 1 |a гексафторид серы 
610 1 |a исследования 
610 1 |a водород 
610 1 |a кислород 
610 1 |a импульсные электронные пучки 
610 1 |a ускорители 
610 1 |a данные 
610 1 |a термодинамическое моделирование 
610 1 |a газы 
610 1 |a низкотемпературная плазма 
610 1 |a масс-спектрометрия 
610 1 |a газофазные соединения 
610 1 |a оксид серы 
610 1 |a ионы 
610 1 |a гексафторид серы 
610 1 |a труды учёных ТПУ 
610 1 |a электронный ресурс 
700 1 |a Сазонов  |b Р. В.  |c физик  |c старший научный сотрудник Томского политехнического университета, кандидат физико-математических наук  |f 1984-  |g Роман Владимирович  |3 (RuTPU)RU\TPU\pers\27101  |9 12651 
701 1 |a Пушкарёв  |b А. И.  |c физик  |c профессор Томского политехнического университета, доктор физико-математических наук  |c старший научный сотрудник НИИ ВН Томского политехнического университета  |f 1954-  |g Александр Иванович  |3 (RuTPU)RU\TPU\pers\26414  |9 12118 
701 1 |a Сосновский  |b С. А. 
801 1 |a RU  |b 63413507  |c 20090623  |g PSBO 
801 2 |a RU  |b 63413507  |c 20211116  |g PSBO 
856 4 |u http://www.lib.tpu.ru/fulltext/v/Bulletin_TPU/2007/v311/i3/16.pdf 
942 |c CF